Essentials of Legal Research / (Record no. 6143)
[ view plain ]
| 000 -LEADER | |
|---|---|
| fixed length control field | 00551nam a22001937a 4500 |
| 003 - CONTROL NUMBER IDENTIFIER | |
| control field | BUBTL |
| 008 - FIXED-LENGTH DATA ELEMENTS--GENERAL INFORMATION | |
| fixed length control field | 191106b xxu||||| |||| 00| 0 eng d |
| 020 ## - INTERNATIONAL STANDARD BOOK NUMBER | |
| International Standard Book Number | 978-984-603-328-1 |
| 082 ## - DEWEY DECIMAL CLASSIFICATION NUMBER | |
| Classification number | 340.07 / FAE |
| 100 ## - MAIN ENTRY--PERSONAL NAME | |
| 9 (RLIN) | 2446 |
| Personal name | Al Faruque, Abdullah |
| 245 ## - TITLE STATEMENT | |
| Title | Essentials of Legal Research / |
| Statement of responsibility, etc. | Abdullah Al Faruque |
| 250 ## - EDITION STATEMENT | |
| Edition statement | 3rd ed. |
| 260 ## - PUBLICATION, DISTRIBUTION, ETC. (IMPRINT) | |
| Place of publication, distribution, etc. | Dhaka : |
| Name of publisher, distributor, etc. | Palal Prokashoni, |
| Date of publication, distribution, etc. | c2019. |
| 300 ## - PHYSICAL DESCRIPTION | |
| Extent | xiii, 160 p. : |
| Dimensions | 22 cm . |
| 650 #0 - SUBJECT ADDED ENTRY--TOPICAL TERM | |
| 9 (RLIN) | 26 |
| Topical term or geographic name as entry element | Law |
| 856 ## - ELECTRONIC LOCATION AND ACCESS | |
| Password | 0 |
| Logon | 0 |
| Link text | Download |
| 942 ## - ADDED ENTRY ELEMENTS (KOHA) | |
| Source of classification or shelving scheme | |
| Koha item type | Books |
| Withdrawn status | Lost status | Source of classification or shelving scheme | Damaged status | Not for loan | Collection code | Permanent location | Current location | Shelving location | Date acquired | Inventory number | Total Checkouts | Full call number | Barcode | Date last seen | Copy number | Price effective from | Koha item type | Date last checked out | Checked out |
|---|---|---|---|---|---|---|---|---|---|---|---|---|---|---|---|---|---|---|---|
| Not For Loan | Non-fiction | Bangladesh University of Business and Technology Library | Bangladesh University of Business and Technology Library | Law Stacks | 11/06/2019 | 26054 | 340.07 / FAE | BUBTL-200326054 | 11/06/2019 | C-1 | 11/06/2019 | Books | |||||||
| Not For Loan | Non-fiction | Bangladesh University of Business and Technology Library | Bangladesh University of Business and Technology Library | Law Stacks | 11/06/2019 | 26055 | 340.07 / FAE | BUBTL-200326055 | 11/06/2019 | C-2 | 11/06/2019 | Books | |||||||
| Non-fiction | Bangladesh University of Business and Technology Library | Bangladesh University of Business and Technology Library | Law Stacks | 11/06/2019 | 26056 | 340.07 / FAE | BUBTL-200326056 | 11/06/2019 | C-3 | 11/06/2019 | Books | ||||||||
| Non-fiction | Bangladesh University of Business and Technology Library | Bangladesh University of Business and Technology Library | Law Stacks | 11/06/2019 | 26057 | 340.07 / FAE | BUBTL-200326057 | 11/06/2019 | C-4 | 11/06/2019 | Books | ||||||||
| Non-fiction | Bangladesh University of Business and Technology Library | Bangladesh University of Business and Technology Library | Law Stacks | 11/06/2019 | 26058 | 340.07 / FAE | BUBTL-200326058 | 11/06/2019 | C-5 | 11/06/2019 | Books | ||||||||
| Non-fiction | Bangladesh University of Business and Technology Library | Bangladesh University of Business and Technology Library | Law Stacks | 11/06/2019 | 26059 | 4 | 340.07 / FAE | BUBTL-200326059 | 08/20/2024 | C-6 | 11/06/2019 | Books | 07/14/2024 | ||||||
| Non-fiction | Bangladesh University of Business and Technology Library | Bangladesh University of Business and Technology Library | Law Stacks | 11/06/2019 | 26060 | 3 | 340.07 / FAE | BUBTL-200326060 | 03/03/2024 | C-7 | 11/06/2019 | Books | 02/28/2024 | ||||||
| Non-fiction | Bangladesh University of Business and Technology Library | Bangladesh University of Business and Technology Library | Law Stacks | 11/06/2019 | 26061 | 340.07 / FAE | BUBTL-200326061 | 11/06/2019 | C-8 | 11/06/2019 | Books | ||||||||
| Non-fiction | Bangladesh University of Business and Technology Library | Bangladesh University of Business and Technology Library | Law Stacks | 11/06/2019 | 26062 | 340.07 / FAE | BUBTL-200326062 | 11/06/2019 | C-9 | 11/06/2019 | Books | ||||||||
| Non-fiction | Bangladesh University of Business and Technology Library | Bangladesh University of Business and Technology Library | Law Stacks | 11/06/2019 | 26063 | 5 | 340.07 / FAE | BUBTL-200326063 | 07/15/2024 | C-10 | 11/06/2019 | Books | 07/15/2024 | 07/22/2024 |
